| 000 | 01655nam a2200337 i 4500 | ||
|---|---|---|---|
| 999 |
_c4640 _d4640 |
||
| 001 | vtls003120832 | ||
| 003 | NUKAT | ||
| 005 | 20180827130037.0 | ||
| 008 | 140611s1973 pl a |000 0 pol c | ||
| 035 | _axx003120832 | ||
| 039 | 9 |
_a201807051046 _bvuam _c201707281321 _dbj _c201601111151 _dkopugd _c201506052156 _dkopumk |
|
| 040 |
_aBSTOK U/AR _cBSTOK U/AR _dBSTOK U/AR |
||
| 041 | 0 |
_apol _aeng |
|
| 245 | 0 | 0 |
_aXX lat Instytutu Podstawowych Problemów Techniki Polskiej Akademii Nauk = _bXX years of the Institute of Fundamental Technological Research of the Polish Academy of Sciences / _c[współaut. Andrzej Chachulski et al. ; kom. red. Marek Sokołowski, Aleksandra Królikowska] ; Polska Akademia Nauk. Instytut Podstawowych Problemów Techniki. |
| 246 | 3 | 0 | _aDwadzieścia lat Instytutu Podstawowych Problemów Techniki Polskiej Akademii Nauk |
| 246 | 3 | 1 | _aXX years of the Institute of Fundamental Technological Research of the Polish Academy of Sciences |
| 260 |
_aWarszawa : _bPaństwowe Wydawnictwo Naukowe, _c1973. |
||
| 300 |
_a89, [1] s. : _bil. ; _c24 cm. |
||
| 546 | _aTekst równol. pol. i ang. | ||
| 610 | 2 |
_aPolska Akademia Nauk. _bInstytut Podstawowych Problemów Techniki _xhistoria. |
|
| 700 | 1 |
_aChachulski, Andrzej _d( -2003). |
|
| 700 | 1 |
_aSokołowski, Marek _d(1927-2014). _eRed. |
|
| 700 | 1 |
_aKrólikowska, Aleksandra. _eRed. |
|
| 710 | 2 |
_aPaństwowe Wydawnictwo Naukowe (1951-1992). _4pbl _9995 |
|
| 942 |
_2ddc _cBK |
||
| 960 | _aGD_U | ||